How the body shapes the mind

Αποθηκεύτηκε σε:
Λεπτομέρειες βιβλιογραφικής εγγραφής
Κύριος συγγραφέας: Gallagher, Shaun, 1948-
Μορφή: Βιβλίο
Γλώσσα:English
Δημοσίευση: Oxford : Clarendon Press, c2005.
Θέματα:
Ετικέτες: Προσθήκη ετικέτας
Δεν υπάρχουν, Καταχωρήστε ετικέτα πρώτοι!

MARC

LEADER 00000cam a2200000 i 4500
001 1/69806
008 080110s2005 enk| ||| |||| ||eng||
020 |a 0199271941 
035 |l 10093513 
040 |a GR-MyUa  |b gre  |e AACR2 
041 0 |a eng 
082 7 |a 128.2   |2 (22) 
100 1 |a Gallagher, Shaun,   |d 1948- 
245 1 0 |a How the body shapes the mind /   |c Shaun Gallagher. 
260 |a Oxford :   |b Clarendon Press,   |c c2005. 
300 |a 284 σ. :   |b εικ. ;   |c 24 εκ. 
504 |a Βιβλιογραφία: σ. [249]-278. Ευρετήριο. 
650 0 0 |a Mind and body. 
650 0 0 |a Philosophy of mind. 
852 |a INST  |b SYROS  |e 20080110  |h 128.2 GAL  |p 005500006764  |q 005500006764  |t BK  |y 0 
901 |a BIBL5-2008-1 
922 |a 5ΕΛΗ  |b 200709  |c ΒΙΒΛΙΟΘΗΚΗ ΣΥΡΟΥ  |d GLORYBOOK 
970 |a ΚΑΓΙΑΒΑ  |b ΕΙΡΗΝΗ  |z 2008/01/10